[Event "Olimpiade 2014 - Open"]
[Site "Tromsø"]
[Date "12.08.2014"]
[Round "10.68"]
[Board "2"]
[White "Atwoli, Joseph"]
[Black "Mohatlane, Liteboho"]
[Result "1/2-1/2"]
[WhiteElo "2046"]
[BlackElo "1577"]
[WhiteTeam "Kenya"]
[BlackTeam "Lesotho"]
[WhiteFideId "10800816"]
[BlackFideId "14317265"]
[EventDate "2014.08.02"]

1. e4 e5 2. Bc4 Bc5 3. Nf3 Nc6 4. b4 Bxb4 5. c3 Bc5 6. d4 exd4 7. O-O d3 8. Bf4
d6 9. Re1 Nf6 10. e5 dxe5 11. Nxe5 O-O 12. Nxd3 Bb6 13. Bg5 Na5 14. Nd2 Bf5 15.
Ne5 Nxc4 16. Nexc4 h6 17. Bh4 g5 18. Bg3 Re8 19. Qf3 Qd5 20. a4 Qxf3 21. Nxf3
Ne4 22. a5 Bc5 23. Nd4 Nxg3 24. hxg3 Bxd4 25. cxd4 Rad8 26. Ne3 Be4 27. Rac1 c6
28. Ng4 Kg7 29. f3 Bg6 30. Rxe8 Rxe8 31. a6 b5 32. Ne5 b4 33. Rc4 c5 34. Rxc5
Rb8 35. Nd7 Rd8 36. Rc7 b3 37. Rb7 b2 38. Rxb2 Rxd7 39. Rb7 Rd6 40. Rxa7 Bd3 41.
Rb7 Bxa6 42. Rb4 Re6 43. Kf2 Re2+ 44. Kg1 Rd2 45. g4 Bd3 46. Rb8 Kf6 47. Rb6+
Ke7 48. Rxh6 Bg6 49. Rh8 Rxd4 50. Rb8 Rd2 51. Rb6 Rd6 52. Rb2 Bd3 53. Ra2 Ke6
54. Kf2 Ke5 55. Ra5+ Rd5 56. Ra7 Bg6 57. Re7+ Kd4 58. Re8 Bd3 59. Re7 Bg6 60.
Re8 Rd7 61. Re1 Bc2 62. Re8 Kc3 63. Re5 f6 64. Re6 Rf7 65. Rd6 f5 66. gxf5 Rxf5
67. Kg3 Rc5 68. Rd7 Bd3 69. Rg7 Bf1 70. Kf2 Ba6 71. Kg3 Bc8 72. Rg8 Kd2 73. Kf2
Be6 74. Rd8+ Rd5 75. Re8 Re5 76. Rd8+ Bd5 77. Rd7 Rf5 78. Ra7 g4 79. Ra3 gxf3
80. gxf3 Bc4 81. Kg3 Bd3 82. Kg4 Rf8 83. f4 Ke3 84. Kg5 Kd4 85. Ra5 Ke3 86. f5
Rg8+ 87. Kf6 Kf4 88. Ra4+ 1/2-1/2

[Event "Olimpiade 2014 - Open"]
[Site "Tromsø"]
[Date "12.08.2014"]
[Round "10.68"]
[Board "3"]
[White "Latela, Kananelo"]
[Black "Ouma, Stephen"]
[Result "1/2-1/2"]
[WhiteElo "1479"]
[BlackElo "2038"]
[WhiteTeam "Lesotho"]
[BlackTeam "Kenya"]
[WhiteFideId "14317206"]
[BlackFideId "10800824"]
[EventDate "2014.08.02"]

1. e4 e6 2. d4 d5 3. Nc3 dxe4 4. Nxe4 Bd7 5. Bd3 Bc6 6. Nf3 Nd7 7. O-O Ngf6 8.
Re1 Nxe4 9. Bxe4 Bxe4 10. Rxe4 Nf6 11. Bg5 Be7 12. Re1 O-O 13. Qe2 c6 14. Rad1
Qa5 15. a3 Qf5 16. Qd2 h6 17. Re5 Qh7 18. Bxf6 Bxf6 19. Re2 Rad8 20. Qd3 Qxd3
21. Rxd3 Rd7 22. Ne5 Bxe5 23. dxe5 Rfd8 24. Red2 Rxd3 25. Rxd3 Rxd3 26. cxd3 Kf8
27. h4 Ke8 28. Kf1 Kd7 29. Ke2 Kc7 30. f4 h5 31. Kf3 g6 32. g4 hxg4+ 33. Kxg4
Kd7 34. Kf3 c5 35. Ke4 Kc6 36. d4 cxd4 37. Kxd4 b5 38. b4 a6 39. Ke4 Kd7 40. Kd3
Kc7 41. Kd4 1/2-1/2

[Event "Olimpiade 2014 - Open"]
[Site "Tromsø"]
[Date "12.08.2014"]
[Round "10.69"]
[Board "1"]
[White "Muniz Pardino, Alberto"]
[Black "Al-Hajiri, Bader"]
[Result "1/2-1/2"]
[WhiteElo "2106"]
[BlackElo "2123"]
[WhiteTeam "Hong Kong"]
[BlackTeam "Kuwait"]
[WhiteFideId "2229560"]
[BlackFideId "10300163"]
[EventDate "2014.08.02"]

1. e4 e5 2. Nf3 Nc6 3. Bb5 f5 4. d3 fxe4 5. dxe4 Nf6 6. Nc3 Bc5 7. Qd3 d6 8. Na4
Bb6 9. Nxb6 axb6 10. h3 Bd7 11. Bg5 O-O 12. Rd1 Kh8 13. a3 Qe8 14. Qe3 Nd4 15.
Bd3 Nxf3+ 16. gxf3 Nh5 17. Kd2 Qf7 18. Rdg1 h6 19. Bh4 Qxf3 20. Qxf3 Rxf3 21.
Be2 Rf4 22. Bxh5 Rxh4 23. Bg4 Bc6 24. f3 g6 25. Be6 Re8 26. Rxg6 Re7 27. Rhg1
Bd7 28. Bxd7 Rxd7 29. R1g3 Kh7 30. Ke3 Rxh3 31. Rxd6 Rxd6 32. Rxh3 Kg6 33. Rg3+
Kf6 34. Rh3 Kg7 35. Rh5 Re6 36. Rh2 Rg6 37. Rd2 Kf6 38. Rh2 Kg7 39. Rh5 Re6 40.
Rh2 Rg6 41. Rh5 Re6 1/2-1/2

[Event "Olimpiade 2014 - Open"]
[Site "Tromsø"]
[Date "12.08.2014"]
[Round "10.69"]
[Board "2"]
[White "Maqseed, Nasser"]
[Black "Tsang, Hon Ki"]
[Result "1-0"]
[WhiteTitle "CM"]
[BlackTitle "FM"]
[WhiteElo "1951"]
[BlackElo "2111"]
[WhiteTeam "Kuwait"]
[BlackTeam "Hong Kong"]
[WhiteFideId "10300074"]
[BlackFideId "6000185"]
[EventDate "2014.08.02"]

1. Nf3 f5 2. d4 Nf6 3. Bg5 e6 4. Nbd2 d5 5. e3 Be7 6. Be2 Nbd7 7. O-O O-O 8. c4
c6 9. Qc2 Ne4 10. Bxe7 Qxe7 11. Rac1 Kh8 12. Ne5 Qf6 13. f4 Nxe5 14. dxe5 Qe7
15. Nxe4 fxe4 16. cxd5 exd5 17. Qc5 Qf7 18. f5 b6 19. Qa3 c5 20. e6 Qf6 21. Qc3
Qg5 22. g4 Bb7 23. h3 Rf6 24. Kg2 Raf8 25. h4 Qxh4 26. Rh1 Qg5 27. Rh5 d4 28.
Rxg5 dxc3 29. bxc3 Bc6 30. Rd1 Be8 31. Bc4 h6 32. e7 R8f7 33. Bxf7 Rxf7 34. Rg6
Rxe7 35. Re6 Rxe6 36. fxe6 Kg8 37. Rf1 g6 38. Kg3 Kg7 39. a3 b5 40. e7 Bf7 41.
Rf4 g5 42. Rxe4 Be8 43. Re5 Kf6 44. Rxc5 a5 45. Rc7 a4 46. Rb7 Kg7 47. e4 Kf6
48. Rb6+ Kg7 49. e5 Kf7 50. Rxh6 Kxe7 51. Kf3 Bd7 52. Rg6 1-0

[Event "Olimpiade 2014 - Open"]
[Site "Tromsø"]
[Date "12.08.2014"]
[Round "10.69"]
[Board "3"]
[White "Chan, Chak Man"]
[Black "Shehab, Ibrahim"]
[Result "0-1"]
[WhiteTitle "CM"]
[WhiteElo "1858"]
[BlackElo "2036"]
[WhiteTeam "Hong Kong"]
[BlackTeam "Kuwait"]
[WhiteFideId "6001300"]
[BlackFideId "10300082"]
[EventDate "2014.08.02"]

1. Nf3 d5 2. g3 Nf6 3. Bg2 e6 4. O-O b6 5. c4 c6 6. d4 Bb7 7. b3 Be7 8. Bb2 Nbd7
9. Nbd2 O-O 10. Ne5 Qc7 11. Rc1 dxc4 12. Nxd7 Qxd7 13. Nxc4 c5 14. Ne5 Qc7 15.
Nf3 Rad8 16. b4 c4 17. Qa4 Bd5 18. b5 Qb7 19. Bh3 Rc8 20. Nd2 Rc7 21. f3 Rfc8
22. Bc3 Qa8 23. Rb1 Rd8 24. Qc2 Bb7 25. e4 a5 26. a4 Bb4 27. Rbd1 Qb8 28. Rfe1
Qc8 29. d5 Nxd5 30. exd5 Bxd5 31. Bg2 Rcd7 32. Kh1 f6 33. Nb1 e5 34. Qf5 Bf7 35.
Rxd7 Rxd7 36. Bh3 Be8 37. Qe6+ Kf8 38. Qf5 Qd8 39. Qxh7 Rd1 40. Bxb4+ axb4 41.
Qe4 Bg6 42. Qe2 Bc2 43. Rxd1 Qxd1+ 44. Bf1 Qxe2 45. Bxe2 c3 46. Nxc3 bxc3 47. a5
Bb3 48. Bd1 Bxd1 0-1

[Event "Olimpiade 2014 - Open"]
[Site "Tromsø"]
[Date "12.08.2014"]
[Round "10.69"]
[Board "4"]
[White "Al Khateeb, Taher"]
[Black "Wong, Brian"]
[Result "0-1"]
[WhiteElo "1972"]
[BlackElo "1878"]
[WhiteTeam "Kuwait"]
[BlackTeam "Hong Kong"]
[WhiteFideId "10300058"]
[BlackFideId "6001394"]
[EventDate "2014.08.02"]

1. d4 Nf6 2. Nf3 e6 3. e3 b6 4. Bd3 Bb7 5. Nbd2 Na6 6. c3 c5 7. Qe2 Qc8 8. O-O
Be7 9. Re1 O-O 10. e4 cxd4 11. Nxd4 Nc5 12. e5 Nxd3 13. Qxd3 Nh5 14. N2f3 f6 15.
exf6 Nxf6 16. Bg5 Qc5 17. Rad1 Rae8 18. Nb3 Qd5 19. Qf1 Qf5 20. Re5 Qg6 21. Nh4
Qf7 22. Rd4 h6 23. Bxh6 gxh6 24. Qe2 Kh8 25. g3 Qh7 26. f4 Nd5 27. c4 Nxf4 28.
Qg4 Nh3+ 29. Qxh3 Qb1+ 0-1

[Event "Olimpiade 2014 - Open"]
[Site "Tromsø"]
[Date "12.08.2014"]
[Round "10.70"]
[Board "1"]
[White "Chipanga, Chiletso"]
[Black "Bah, Ebrima"]
[Result "1-0"]
[WhiteTitle "CM"]
[WhiteElo "2060"]
[BlackElo "2070"]
[WhiteTeam "Malawi"]
[BlackTeam "Gambia"]
[WhiteFideId "16400119"]
[BlackFideId "21100039"]
[EventDate "2014.08.02"]

1. d4 d5 2. c4 c6 3. cxd5 cxd5 4. Nc3 Nf6 5. Bf4 a6 6. Nf3 Nc6 7. e3 Bf5 8. Be2
h6 9. O-O e6 10. Qb3 Na5 11. Qa4+ Nc6 12. Ne5 Rc8 13. Nxc6 Rxc6 14. Bxa6 Nd7 15.
Bxb7 Rb6 16. Bc6 Rxb2 17. Nb5 Bc2 18. Bxd7+ Kxd7 19. Qa7+ Ke8 20. Nc7+ Kd7 21.
Rfc1 Be7 22. Rxc2 Rxc2 23. Qa4+ Rc6 24. Rc1 Bd6 25. Qxc6+ Ke7 26. Qb7 Kf6 27.
Nxd5+ Kg6 28. Qb1+ f5 29. Rc6 Qb8 30. Rb6 exd5 31. Rxd6+ 1-0

[Event "Olimpiade 2014 - Open"]
[Site "Tromsø"]
[Date "12.08.2014"]
[Round "10.70"]
[Board "2"]
[White "Dalliah, Joseph"]
[Black "Chimthere, Alfred Charles"]
[Result "0-1"]
[WhiteElo "2060"]
[BlackElo "2017"]
[WhiteTeam "Gambia"]
[BlackTeam "Malawi"]
[WhiteFideId "21100055"]
[BlackFideId "16400046"]
[EventDate "2014.08.02"]

1. d4 d5 2. c4 c6 3. Nc3 Nf6 4. cxd5 cxd5 5. Bf4 a6 6. e3 b5 7. a3 Bf5 8. Nf3 e6
9. Be2 Bd6 10. Ne5 O-O 11. O-O Bxe5 12. Bxe5 Nc6 13. Bf4 Na5 14. f3 Nc4 15. b3
Nd6 16. Na2 Qd7 17. Nb4 Rfc8 18. Nd3 Bxd3 19. Qxd3 Rc6 20. Be5 Rac8 21. Bd1 Rc3
22. Qd2 Qe7 23. Qf2 Nf5 24. Re1 Nd7 25. Bf4 g5 26. e4 dxe4 27. fxe4 Nxd4 28. Bd2
Rd3 29. Rf1 Ne5 30. Bb4 Qd8 31. Bh5 f6 32. Qxf6 Nef3+ 33. Rxf3 Nxf3+ 34. Qxf3
Rxf3 35. gxf3 Qd4+ 0-1

[Event "Olimpiade 2014 - Open"]
[Site "Tromsø"]
[Date "12.08.2014"]
[Round "10.71"]
[Board "1"]
[White "Wojciechowski, Paul"]
[Black "Li, Hui"]
[Result "0-1"]
[WhiteTitle "CM"]
[WhiteElo "2056"]
[BlackElo "1944"]
[WhiteTeam "Jersey"]
[BlackTeam "Macau"]
[WhiteFideId "15600017"]
[BlackFideId "15400310"]
[EventDate "2014.08.02"]

1. e4 c5 2. Nf3 d6 3. Bb5+ Bd7 4. Bxd7+ Qxd7 5. c4 Nf6 6. Nc3 Nc6 7. d4 cxd4 8.
Nxd4 Qg4 9. Qxg4 Nxg4 10. Nxc6 bxc6 11. Bf4 g5 12. Bxg5 Ne5 13. b3 Rg8 14. Bh4
Rg4 15. Bg3 Bg7 16. Kd2 Ng6 17. Rae1 h5 18. h3 Rg5 19. h4 Rg4 20. Kd3 O-O-O 21.
Kc2 Bf6 22. Rh3 Bxh4 23. Bxh4 Rxh4 24. Rxh4 Nxh4 25. Rh1 Nxg2 26. Rxh5 Rg8 27.
Kd2 Rg6 28. Rf5 Rg7 29. Ne2 Nh4 30. Rf4 Ng6 31. Rg4 Rh7 32. Nd4 Kc7 33. Nf3 Rh1
34. Ng5 Ne5 35. Rf4 f6 36. Ne6+ Kd7 37. Nd4 Ra1 38. a4 Rf1 39. Nc2 Rb1 40. Kc3
Rd1 41. Nb4 a5 42. Kc2 Rh1 43. Nd3 Rh3 44. Nxe5+ dxe5 45. Rg4 Rf3 46. Rg3 Rxf2+
47. Kc3 Rf4 48. Re3 c5 49. Rd3+ Kc6 50. Re3 e6 51. Kd3 Kd6 52. Rh3 f5 53. exf5
e4+ 54. Ke2 exf5 55. Rh6+ Ke5 56. Ra6 Rh4 57. Rxa5 Rh2+ 58. Kd1 Kd4 59. Ra8 f4
60. a5 Ra2 61. a6 f3 62. a7 Ke3 0-1

[Event "Olimpiade 2014 - Open"]
[Site "Tromsø"]
[Date "12.08.2014"]
[Round "10.71"]
[Board "2"]
[White "Punongbayan, Hexilon Dela Cruz"]
[Black "Kahn, Tito"]
[Result "1-0"]
[WhiteElo "2074"]
[BlackElo "2000"]
[WhiteTeam "Macau"]
[BlackTeam "Jersey"]
[WhiteFideId "15400409"]
[BlackFideId "15600084"]
[EventDate "2014.08.02"]

1. Nf3 c5 2. b3 e6 3. Bb2 d5 4. e3 Nf6 5. Bb5+ Bd7 6. Qe2 Bxb5 7. Qxb5+ Qd7 8.
Qe2 Be7 9. O-O Nc6 10. d3 O-O 11. Nbd2 Rfd8 12. Ne5 Nxe5 13. Bxe5 Qc6 14. f4 Nd7
15. Bb2 Bf6 16. Bxf6 Nxf6 17. Rf3 g6 18. Qe1 Kg7 19. Qh4 Rh8 20. Rh3 h5 21. Nf3
Qe8 22. Ne5 Nd7 23. Rf1 f6 24. Nf3 Kf7 25. e4 d4 26. e5 f5 27. Rg3 Qg8 28. Rg5
Nf8 29. Qe1 b6 30. c3 dxc3 31. Qxc3 Rd8 32. d4 cxd4 33. Nxd4 Kg7 34. Nb5 Qf7 35.
Nd6 Qd7 36. Rd1 Kh7 37. Rd4 Rg8 38. Nxf5 Qc8 39. Rc4 Rd1+ 40. Kf2 Qd8 41. Nd6
Rg7 42. Rc8 Qe7 43. Re8 Qc7 44. Qxc7 Rxc7 45. Rxf8 Rc3 46. Rf7+ Kh6 47. Ne4 Rc2+
48. Ke3 Rcc1 49. Nf6 Re1+ 50. Kf2 Rf1+ 51. Kg3 Rc3+ 52. Kh4 Rxf4+ 53. g4 1-0

[Event "Olimpiade 2014 - Open"]
[Site "Tromsø"]
[Date "12.08.2014"]
[Round "10.71"]
[Board "3"]
[White "Belzo, Krzysztof"]
[Black "Fesalbon, Rolando"]
[Result "1-0"]
[WhiteElo "2034"]
[BlackElo "2051"]
[WhiteTeam "Jersey"]
[BlackTeam "Macau"]
[WhiteFideId "1126768"]
[BlackFideId "15400131"]
[EventDate "2014.08.02"]

1. c4 e5 2. g3 Nf6 3. Bg2 Be7 4. Nc3 O-O 5. Nf3 Nc6 6. O-O d5 7. cxd5 Nxd5 8. d4
Nxc3 9. bxc3 exd4 10. Nxd4 Nxd4 11. cxd4 Bf6 12. e3 c5 13. Ba3 Re8 14. Bxc5 Qa5
15. a3 Qa6 16. Rb1 Be7 17. Bxe7 Rxe7 18. Qb3 Rb8 19. Qb4 Qf6 20. Rbc1 h5 21. h4
b6 22. Rc6 Re6 23. Rc7 Ba6 24. Rfc1 Be2 25. Bd5 a5 26. Qb3 Re7 27. Rc8+ Re8 28.
Rxb8 Rxb8 29. Rc7 Rf8 30. Rc6 Qf5 31. Rxb6 Bf3 32. Bxf3 Qxf3 33. Rb8 Qc6 34.
Rxf8+ Kxf8 35. Qb8+ Ke7 36. Qe5+ Kf8 37. Qxa5 Qc1+ 38. Kg2 Qc6+ 39. d5 Qd7 40.
Qa8+ Ke7 41. Qc6 Qa7 42. d6+ Ke6 43. a4 1-0

[Event "Olimpiade 2014 - Open"]
[Site "Tromsø"]
[Date "12.08.2014"]
[Round "10.71"]
[Board "4"]
[White "Wong, Kit"]
[Black "Forbes, Garry"]
[Result "0-1"]
[WhiteElo "1565"]
[BlackElo "1917"]
[WhiteTeam "Macau"]
[BlackTeam "Jersey"]
[WhiteFideId "15400379"]
[BlackFideId "10700331"]
[EventDate "2014.08.02"]

1. e4 g6 2. d4 Bg7 3. Nc3 d6 4. Be2 a6 5. Be3 Nd7 6. Qd2 b5 7. a3 Bb7 8. O-O-O
c5 9. dxc5 Nxc5 10. f3 Rc8 11. Bd4 Nf6 12. Bf1 O-O 13. Nge2 a5 14. Bxc5 Rxc5 15.
Nd4 b4 16. Na4 bxa3 17. Nxc5 axb2+ 18. Kxb2 dxc5 19. e5 Nd5 20. Nb3 Bxe5+ 21.
Ka3 Qb6 22. Bd3 Bc3 23. Qc1 Qb4+ 24. Ka2 Qa4+ 25. Kb1 Nb4 26. Qe3 Qa2+ 0-1

[Event "Olimpiade 2014 - Open"]
[Site "Tromsø"]
[Date "12.08.2014"]
[Round "10.72"]
[Board "1"]
[White "Blijstra, Wim"]
[Black "Manuel, Enofre Efren D."]
[Result "1-0"]
[WhiteElo "2201"]
[BlackElo "1950"]
[WhiteTeam "Netherlands Antilles"]
[BlackTeam "Guam"]
[WhiteFideId "1018000"]
[BlackFideId "31000053"]
[EventDate "2014.08.02"]

1. d4 Nf6 2. c4 e6 3. Nc3 d5 4. Nf3 c6 5. e3 Be7 6. Bd3 O-O 7. b3 Nbd7 8. O-O
Qc7 9. Bb2 Re8 10. Rc1 a6 11. Bb1 dxc4 12. bxc4 Qa5 13. Ne2 Ba3 14. Bc3 Qc7 15.
Rc2 Ne4 16. Ba1 f5 17. c5 b5 18. Nc3 Ndf6 19. Ne5 Nxc3 20. Rxc3 Bb4 21. Rb3 Ba5
22. Qf3 Bb7 23. g4 Nxg4 24. Nxg4 fxg4 25. Qxg4 Qf7 26. Kh1 Bc8 27. Qh4 g6 28. f4
Bd8 29. Qg3 e5 30. dxe5 Be6 31. Rb2 Bf5 32. e4 Qc4 33. Re1 Be6 34. f5 Bxf5 35.
exf5 Bh4 36. Bd3 Qd5+ 37. Be4 Qd8 38. Qb3+ Kf8 39. Rf1 Rxe5 40. fxg6+ Kg7 41.
Qf7+ Kh6 42. Qxh7+ 1-0

[Event "Olimpiade 2014 - Open"]
[Site "Tromsø"]
[Date "12.08.2014"]
[Round "10.72"]
[Board "2"]
[White "Soriano, Rudolph P."]
[Black "Maduro, Sherman"]
[Result "0-1"]
[BlackTitle "CM"]
[WhiteElo "1802"]
[BlackElo "1993"]
[WhiteTeam "Guam"]
[BlackTeam "Netherlands Antilles"]
[WhiteFideId "31000142"]
[BlackFideId "7500122"]
[EventDate "2014.08.02"]

1. Nf3 Nf6 2. b3 g6 3. Bb2 Bg7 4. g3 c5 5. Bg2 Nc6 6. O-O d5 7. d4 Ne4 8. c3 O-O
9. Nbd2 f5 10. e3 b6 11. Re1 e6 12. Rc1 b5 13. dxc5 Nxc5 14. Bf1 Qb6 15. Nd4 a6
16. N2f3 Ne7 17. Ba3 e5 18. Nc2 Bb7 19. Ng5 Rf6 20. Bg2 h6 21. Nf3 Rd6 22. h4
Rd7 23. Bh3 Rad8 24. Qe2 e4 25. Nfd4 Nd3 26. Red1 Nxc1 27. Rxc1 h5 28. Qd2 Be5
29. Ne2 Qa5 30. Bxe7 Rxe7 31. Ncd4 Kf7 32. b4 Qb6 33. Nb3 Bd6 34. Ned4 Qc7 35.
Qd1 Rg8 36. Bxf5 Bxg3 37. Bh3 Bxh4 38. Nc5 Bc8 39. Bg2 Re5 40. f4 Re7 41. Ndb3
Rd8 42. Qe2 Qd6 43. Rf1 Bg4 44. Qd2 Kg7 45. Na5 Bc8 46. Bh1 Bg3 47. Qd4+ Kh7 48.
Bg2 Rf7 49. Rd1 Bg4 50. Rd2 Qe7 51. Nxe4 Qh4 52. Ng5+ Kg8 53. Bxd5 Bh2+ 54. Kf1
Bh3+ 55. Nxh3 Qxh3+ 56. Ke1 Rxd5 57. Qxd5 Qxe3+ 58. Kd1 Bxf4 59. Rd3 Qg1+ 60.
Ke2 Qg4+ 61. Rf3 Qg2+ 62. Kd1 g5 63. Qd8+ Kh7 64. Qd3+ Kh6 65. Nb3 Qg1+ 66. Kc2
Rf6 67. Nd4 Qg2+ 68. Kb3 Qg4 0-1

[Event "Olimpiade 2014 - Open"]
[Site "Tromsø"]
[Date "12.08.2014"]
[Round "10.73"]
[Board "1"]
[White "Holland, Christopher"]
[Black "Ahmed, Ashraf"]
[Result "1-0"]
[BlackTitle "FM"]
[WhiteElo "2270"]
[BlackElo "1817"]
[WhiteTeam "Guernsey"]
[BlackTeam "Maldives"]
[WhiteFideId "10700072"]
[BlackFideId "16700031"]
[EventDate "2014.08.02"]

1. Nf3 Nf6 2. g3 d5 3. Bg2 Bf5 4. O-O e6 5. b3 Nbd7 6. Bb2 c5 7. d3 Qc7 8. c4 d4
9. e3 dxe3 10. fxe3 Bg4 11. Nc3 a6 12. d4 h5 13. Qe1 Bd6 14. Ng5 h4 15. Nce4
Nxe4 16. Nxe4 hxg3 17. Nxd6+ Qxd6 18. Qxg3 Qxg3 19. hxg3 cxd4 20. exd4 Rb8 21.
Rae1 O-O 22. Ba3 Nf6 23. Bxf8 Kxf8 24. c5 Nd5 25. Bxd5 exd5 26. Re5 Rd8 27. Rfe1
Be6 28. b4 Ke7 29. a4 Kf6 30. Kg2 Ke7 31. b5 a5 32. Rh5 g6 33. Rhe5 Kd7 34. Rh1
Ke7 35. Kf3 Rc8 36. Kf4 Kd7 37. Kg5 Ke7 38. Rh7 Rd8 39. Re1 Rf8 40. Re2 Rd8 41.
Reh2 Rg8 42. Rh8 f6+ 43. Kf4 Rg7 44. R2h7 1-0

[Event "Olimpiade 2014 - Open"]
[Site "Tromsø"]
[Date "12.08.2014"]
[Round "10.73"]
[Board "2"]
[White "Mohamed, Hassan MDV"]
[Black "Hamperl, Fred"]
[Result "0-1"]
[WhiteTitle "CM"]
[BlackTitle "FM"]
[WhiteElo "1830"]
[BlackElo "2119"]
[WhiteTeam "Maldives"]
[BlackTeam "Guernsey"]
[WhiteFideId "16700058"]
[BlackFideId "10700110"]
[EventDate "2014.08.02"]

1. e4 c5 2. Nf3 Nc6 3. g3 g6 4. Bg2 Bg7 5. O-O e5 6. c4 Nge7 7. d3 d6 8. Nc3 O-O
9. h3 f5 10. Kh2 Kh8 11. Bg5 h6 12. Bxe7 Qxe7 13. Nd5 Qf7 14. exf5 gxf5 15. Qd2
Be6 16. Nh4 Bxd5 17. Bxd5 Qh5 18. Qd1 Qg5 19. Nf3 Qf6 20. Nh4 Ne7 21. Bxb7 Rab8
22. Qf3 e4 23. dxe4 Qxb2 24. Rab1 Qxa2 25. exf5 Qxc4 26. Rbe1 Be5 27. Be4 Qf7
28. Qe3 Kg7 29. Rb1 a5 30. Qf3 Rb4 31. Rxb4 axb4 32. Qg4+ Kh8 33. f4 Bd4 34. Re1
Rg8 0-1

[Event "Olimpiade 2014 - Open"]
[Site "Tromsø"]
[Date "12.08.2014"]
[Round "10.73"]
[Board "3"]
[White "Brookfield, Toby"]
[Black "Ibarhim, Firaq"]
[Result "1-0"]
[WhiteTitle "CM"]
[WhiteElo "1889"]
[BlackElo "1532"]
[WhiteTeam "Guernsey"]
[BlackTeam "Maldives"]
[WhiteFideId "10700234"]
[BlackFideId "16700120"]
[EventDate "2014.08.02"]

1. e4 c5 2. Nf3 Nc6 3. d4 cxd4 4. Nxd4 g6 5. Nc3 Bg7 6. Be3 Nf6 7. Be2 d6 8. f3
O-O 9. Qd2 Nxd4 10. Bxd4 Nh5 11. Bxg7 Nxg7 12. g4 a6 13. O-O-O b5 14. h4 Be6 15.
h5 gxh5 16. gxh5 Kh8 17. h6 Ne8 18. e5 Bf5 19. Qd4 f6 20. f4 Rc8 21. Bd3 Be6 22.
exf6 Nxf6 23. Rhg1 Rg8 24. Rg5 Qf8 25. Rh1 Bc4 26. Kb1 Bxd3 27. cxd3 Qf7 28.
Rhg1 Rg6 29. Rxg6 hxg6 30. Ne4 Rg8 31. Ng5 Qe8 32. Rc1 Qd7 33. Re1 Rc8 34. Rg1
Qc6 35. a3 Qc5 36. Qxc5 Rxc5 37. Ne6 Rh5 38. Rxg6 Ng8 39. Ng5 Nxh6 40. Kc2 Ng8
41. Ne6 Nf6 42. Rg5 Rxg5 43. fxg5 Nd5 44. g6 Kg8 45. Kd2 a5 46. d4 Nb6 47. Kd3
Nd7 48. Ke4 Nb6 49. b3 b4 50. a4 Kh8 51. Nf4 Kg7 52. Kf5 Nc8 53. Ke6 Kf8 54. Nh5
Nb6 55. Nf4 Nc8 56. Kd7 Nb6+ 57. Kc6 Nxa4 58. bxa4 e5 59. dxe5 dxe5 60. Ne2 e4
61. Kd5 e3 62. Kd4 Kg7 63. Kxe3 Kxg6 64. Nd4 Kf6 65. Ke4 Ke7 66. Kd5 Kd7 67. Kc5
Kc7 68. Kb5 Kb7 69. Kxa5 b3 70. Nxb3 Ka7 71. Nc5 Ka8 72. Kb6 Kb8 73. a5 Ka8 74.
a6 Kb8 75. Ne6 Ka8 76. Nc7+ 1-0

[Event "Olimpiade 2014 - Open"]
[Site "Tromsø"]
[Date "12.08.2014"]
[Round "10.74"]
[Board "3"]
[White "Lima, Osvaldo Dos Santos"]
[Black "Kim, Saebyeok"]
[Result "0-1"]
[WhiteElo "1751"]
[BlackElo "1873"]
[WhiteTeam "Sao Tome & Principe"]
[BlackTeam "South Korea"]
[WhiteFideId "14306352"]
[BlackFideId "13200518"]
[EventDate "2014.08.02"]

1. c4 c5 2. Nc3 g6 3. g3 Nc6 4. Bg2 Bg7 5. d3 e5 6. Nf3 Nge7 7. a3 a5 8. e4 d6
9. O-O O-O 10. Nb5 h6 11. Be3 f5 12. Qc1 Kh7 13. Nh4 f4 14. Bd2 g5 15. Nf3 Ng6
16. h3 g4 17. hxg4 Bxg4 18. Nh2 Be6 19. Qd1 Qd7 20. Qh5 Nce7 21. g4 Bf6 22. Qh3
Rg8 23. f3 Kg7 24. Bh1 h5 25. Qg2 Nh4 26. Qe2 Kf7 27. Rf2 hxg4 28. fxg4 Bxg4 29.
Nxg4 Rxg4+ 30. Kf1 Rag8 31. Ke1 Rg1+ 32. Rf1 Qh3 33. Nxd6+ Ke6 34. Nxb7 f3 35.
Nxc5+ Kf7 36. Qf2 Qxh1 37. Be3 Rxf1+ 38. Qxf1 Qh2 39. Bf2 Rg2 40. b3 Nhg6 41.
Ra2 Nf4 42. b4 Bh4 43. d4 Rg1 44. dxe5 Rxf1+ 45. Kxf1 Qg2+ 46. Ke1 Qg1+ 47. Kd2
Qxf2+ 48. Kc3 Qxa2 0-1

[Event "Olimpiade 2014 - Open"]
[Site "Tromsø"]
[Date "12.08.2014"]
[Round "10.75"]
[Board "1"]
[White "Prasad, Calvin"]
[Black "Mueller, Leonhard"]
[Result "0-1"]
[WhiteTitle "CM"]
[BlackTitle "FM"]
[WhiteElo "2011"]
[BlackElo "2183"]
[WhiteTeam "Fiji"]
[BlackTeam "Namibia"]
[WhiteFideId "11400072"]
[BlackFideId "15200019"]
[EventDate "2014.08.02"]

1. d4 g6 2. Nf3 Bg7 3. c4 Nf6 4. Nc3 O-O 5. e4 d6 6. h3 Nbd7 7. Bd3 a6 8. Be3 c5
9. Qd2 cxd4 10. Nxd4 Nc5 11. Bc2 Bd7 12. O-O b5 13. cxb5 axb5 14. b4 Ne6 15.
Ncxb5 Qb8 16. a4 Rc8 17. Rfc1 d5 18. Nxe6 Bxe6 19. e5 Qxe5 20. Bf4 Rxc2 21. Qxc2
Qxf4 22. Qc6 Rf8 23. Qc7 Qxb4 24. Rcb1 Qd2 25. Rd1 Qg5 26. Ra3 Ne4 27. Nd4 Bxd4
28. Rxd4 Rc8 29. f4 Qh4 30. Qe5 Qf2+ 31. Kh2 Rc2 0-1

[Event "Olimpiade 2014 - Open"]
[Site "Tromsø"]
[Date "12.08.2014"]
[Round "10.75"]
[Board "2"]
[White "Eichab, Charles"]
[Black "Kumar, Manoj"]
[Result "1-0"]
[WhiteTitle "CM"]
[BlackTitle "CM"]
[WhiteElo "2048"]
[BlackElo "1987"]
[WhiteTeam "Namibia"]
[BlackTeam "Fiji"]
[WhiteFideId "15200051"]
[BlackFideId "11400064"]
[EventDate "2014.08.02"]

1. c4 Nf6 2. g3 c6 3. Bg2 d5 4. Nf3 g6 5. b3 Bg7 6. Bb2 O-O 7. O-O Qb6 8. cxd5
cxd5 9. Nc3 Nc6 10. Rc1 Bf5 11. d3 Rfd8 12. Qc2 Rac8 13. Qb1 h6 14. Na4 Qb5 15.
Qa1 a5 16. Nc5 Bf8 17. h3 Nd7 18. Na4 Be6 19. Rc2 Nb4 20. Rxc8 Rxc8 21. Nd4 Nc2
22. Nxb5 Nxa1 23. Rxa1 Rc2 24. Nd4 Rc8 25. Nxe6 fxe6 26. Rc1 Rxc1+ 27. Bxc1 Bg7
28. Ba3 Kf7 29. Nc5 1-0